Central Library OPAC University of Rajshahi

Steel and the State : (Record no. 58653)

MARC details
000 -LEADER
fixed length control field 00874nam a2200253 a 4500
001 - CONTROL NUMBER
control field 58653
003 - CONTROL NUMBER IDENTIFIER
rucl marc code BD-RJUL
005 - DATE AND TIME OF LATEST TRANSACTION
control field 20211209080638.0
008 - FIXED-LENGTH DATA ELEMENTS--GENERAL INFORMATION
fixed length control field 161219s1988 enk b 001 0 eng d
020 ## - INTERNATIONAL STANDARD BOOK NUMBER
International Standard Book Number 0813376769
035 ## - SYSTEM CONTROL NUMBER
System control number (BD-RjUL)58777
040 ## - CATALOGING SOURCE
Original cataloging agency BD-RjUL
Language of cataloging eng
Transcribing agency BD-RjUL
Modifying agency BD-RjUL
041 ## - LANGUAGE CODE
Language code of text/sound track or separate title eng
082 ## - DEWEY DECIMAL CLASSIFICATION NUMBER
Edition number 23
Classification number 338.47669142
Author mark and year STE 1988
245 00 - TITLE STATEMENT
Title Steel and the State :
Remainder of title government intervention and steel's structural crisis /
Statement of responsibility, etc. Thomas R. Howell ... [et al.]
260 ## - PUBLICATION, DISTRIBUTION, ETC. (IMPRINT)
Place of publication, distribution, etc. London :
Name of publisher, distributor, etc. Westview Press,
Date of publication, distribution, etc. 1988.
300 ## - PHYSICAL DESCRIPTION
Pagination xiii, 580 p. ;
Size 23 cm.
490 ## - SERIES STATEMENT
Series statement Economic competition among nations
504 ## - BIBLIOGRAPHY, ETC. NOTE
Bibliography, etc Includes index and bibliography
650 #0 - SUBJECT ADDED ENTRY--TOPICAL TERM
Topical term or geographic name as entry element Steel industry and trade
General subdivision Government policy
Geographic subdivision United States
9 (RLIN) 174326
700 1# - ADDED ENTRY--PERSONAL NAME
Personal name Howell, Thomas R.,
Dates associated with a name 1949-
830 #0 - SERIES ADDED ENTRY--UNIFORM TITLE
Uniform title Economic competition among nations
942 ## - ADDED ENTRY ELEMENTS (KOHA)
Source of classification or shelving scheme Dewey Decimal Classification
Koha item type Books
Holdings
Lost status Source of classification or shelving scheme Damaged status Not for loan Collection code Permanent Location Current Location Shelving location Date acquired Source of acquisition Total Checkouts Full call number Date last seen Copy number Koha item type
  Dewey Decimal Classification   Not For Loan Non-fiction Central Library, University of Rajshahi Central Library, University of Rajshahi Rare Book Section 10/10/1992 Asia foundation   338.47669142 STE 1988 19/12/2016 C-1 Books